000 00492nam a2200181Ia 4500
003 OSt
005 20201124094528.0
008 190216s9999||||xx |||||||||||||| ||und||
020 _a8171800378
040 _coclc
082 _a894.8123
_bPAN/K
100 _aPanikkar, K M
_93047
245 0 _aKerala Simham /
_cK M Panikkar
260 _bPoorna Pubs,
_c1989.
_a Kozhikode:
300 _a259p
650 _aNovel
942 _cBK
_2ddc
_h894.8123
_iPAN/K
_k894.8123
_mPAN/K
999 _c28289
_d28289